Dikanegelo ka kwena (Record no. 137290)

MARC details
000 -LEADER
fixed length control field 00521nam a2200193Ia 4500
003 - CONTROL NUMBER IDENTIFIER
control field 3228
005 - DATE AND TIME OF LATEST TRANSACTION
control field 20240409121827.0
008 - FIXED-LENGTH DATA ELEMENTS--GENERAL INFORMATION
fixed length control field 210816s9999 xx 000 0 und d
020 ## - INTERNATIONAL STANDARD BOOK NUMBER
International Standard Book Number 9789966367457
Qualifying information Paperback
040 ## - CATALOGING SOURCE
Original cataloging agency rda
Transcribing agency 3228
082 ## - DEWEY DECIMAL CLASSIFICATION NUMBER
Classification number NSO KF MATL
100 ## - MAIN ENTRY--PERSONAL NAME
Personal name Matlou, Frans
9 (RLIN) 171840
245 #0 - TITLE STATEMENT
Title Dikanegelo ka kwena
260 ## - PUBLICATION, DISTRIBUTION, ETC.
Place of publication, distribution, etc. Norwood:
Name of publisher, distributor, etc. Nondaba Publishers,
Date of publication, distribution, etc. 2011
300 ## - PHYSICAL DESCRIPTION
Extent 46 pages
Other physical details Colour illustrations
Dimensions 17.5 cm
490 ## - SERIES STATEMENT
Series statement Nondaba reading scheme
521 ## - TARGET AUDIENCE NOTE
Target audience note Kids
942 ## - ADDED ENTRY ELEMENTS
item type Books
Source of classification or shelving scheme Dewey Decimal Classification
-- 162
-- Elsie Maluleke
Holdings
Withdrawn status Lost status Damaged status Not for loan Home library Current library Date acquired Cost, normal purchase price Total Checkouts Barcode Date last seen Price effective from item type Source of classification or shelving scheme Shelving location Full call number
        LYDENBURG REGIONAL LIBRARY Hluvukani Public Library 09.04.2024     33228031106119 09.04.2024 09.04.2024 Books Dewey Decimal Classification Fiction NSO KF MATL
        LYDENBURG REGIONAL LIBRARY Leroro 13.02.2025     33228031106410 13.02.2025 13.02.2025 Books Dewey Decimal Classification   NSO KF MATL
        Shatale Shatale 17.08.2021 19.00   33228017992171 17.08.2021 17.08.2021 Books